[Event "Gibraltar ChallWk2 13th"]
[Site "Gibraltar"]
[Date "2015.01.31"]
[Round "1.5"]
[White "Vea, Odin Blikra"]
[Black "Hamer, Martyn"]
[Result "1-0"]
[WhiteElo "2242"]
[BlackElo "2014"]
[PlyCount "67"]
[EventDate "2015.01.31"]
[EventType "swiss"]
[EventRounds "5"]
[EventCountry "GGB"]
[SourceTitle "BritBase"]
[Source "www.saund.co.uk"]
[SourceDate "2018.02.10"]
[SourceVersion "1"]
[SourceVersionDate "2018.02.10"]
[SourceQuality "1"]
[TimeControl "7200+425"]
[WhiteClock "1:10:48"]
[BlackClock "0:53:34"]

1. e4 Nf6 2. e5 Nd5 3. d4 d6 4. Bc4 c6 5. Nf3 dxe5 6. dxe5 g6 7. Nc3 Qa5 8.
Bxd5 cxd5 9. Qxd5 Qxd5 10. Nxd5 Na6 11. O-O Be6 12. Nf4 Bg4 13. Ng5 h6 14. Ne4
g5 15. f3 Bf5 16. Nd3 Rc8 17. Be3 b6 18. c3 Bg7 19. a4 Bxe4 20. fxe4 e6 21. a5
Nc5 22. Nxc5 bxc5 23. b4 cxb4 24. cxb4 a6 25. b5 axb5 26. a6 Bxe5 27. Rab1 f6
28. Rxb5 Rh7 29. a7 Rd7 30. Rfb1 Rdd8 31. Rb7 h5 32. Rh7 Kf8 33. h4 Rc7 34.
Rh8+ 1-0

[Event "Gibraltar ChallWk2 13th"]
[Site "Gibraltar"]
[Date "2015.01.31"]
[Round "1.6"]
[White "Ramirez Dominguez, Agustin"]
[Black "Galmandakh, Badrakh"]
[Result "0-1"]
[WhiteElo "2013"]
[BlackElo "2240"]
[PlyCount "66"]
[EventDate "2015.01.31"]
[EventType "swiss"]
[EventRounds "5"]
[EventCountry "GGB"]
[SourceTitle "BritBase"]
[Source "www.saund.co.uk"]
[SourceDate "2018.02.10"]
[SourceVersion "1"]
[SourceVersionDate "2018.02.10"]
[SourceQuality "1"]
[TimeControl "7200+1185"]
[WhiteClock "0:12:44"]
[BlackClock "1:30:37"]

1. e4 d6 2. d4 Nf6 3. Nc3 e5 4. Nf3 Nbd7 5. Bc4 Be7 6. h3 c6 7. Bb3 O-O 8. O-O
b5 9. a3 Bb7 10. Re1 a6 11. Bg5 h6 12. Bh4 Nh5 13. Bxe7 Qxe7 14. Ne2 Qf6 15. c3
Rad8 16. Bc2 Rfe8 17. Qd3 Nf8 18. Nh2 Bc8 19. Qf3 Qg5 20. Kh1 Ne6 21. Qe3 Nhf4
22. Qg3 Qf6 23. Nf3 Nh5 24. Qh2 Nef4 25. Neg1 g6 26. Bd1 c5 27. d5 c4 28. Bc2
Bd7 29. Rad1 Rb8 30. g3 Nxh3 31. Nxh3 Qxf3+ 32. Kg1 Nf6 33. Re3 Qh5 0-1

[Event "Gibraltar ChallWk2 13th"]
[Site "Gibraltar"]
[Date "2015.01.31"]
[Round "1.7"]
[White "Ibarra Jerez, Juan Miguel"]
[Black "Campbell, Ian"]
[Result "1-0"]
[WhiteElo "2238"]
[BlackElo "2012"]
[PlyCount "101"]
[EventDate "2015.01.31"]
[EventType "swiss"]
[EventRounds "5"]
[EventCountry "GGB"]
[SourceTitle "BritBase"]
[Source "www.saund.co.uk"]
[SourceDate "2018.02.10"]
[SourceVersion "1"]
[SourceVersionDate "2018.02.10"]
[SourceQuality "1"]
[TimeControl "7200+650"]
[WhiteClock "0:44:10"]
[BlackClock "0:17:42"]

1. g3 g6 2. Bg2 Bg7 3. e4 d6 4. d4 Nd7 5. Ne2 c6 6. a4 Qc7 7. O-O Ngf6 8. Nbc3
O-O 9. a5 Rb8 10. h3 b6 11. axb6 axb6 12. d5 Bb7 13. Nd4 c5 14. Ndb5 Qd8 15.
Be3 Ra8 16. Na7 Ne5 17. Qe2 Re8 18. Ncb5 Ned7 19. Rfd1 Qb8 20. Kh2 Nf8 21. c3
N6d7 22. Qc2 h6 23. f4 Kh7 24. Bf2 h5 25. Bf3 Kg8 26. Kg2 Nh7 27. Nc6 Qc8 28.
Nxe7+ Rxe7 29. Nxd6 Qb8 30. Nxb7 Rxa1 31. Rxa1 Qxb7 32. e5 Nxe5 33. fxe5 Rxe5
34. h4 Nf6 35. b4 Qc7 36. bxc5 bxc5 37. Ra8+ Bf8 38. Qd2 Qd6 39. Be3 Re8 40.
Ra4 Qd7 41. Ra6 Ng4 42. Bf4 Ne5 43. Be2 Bd6 44. Qa2 Rd8 45. Ra7 Qf5 46. Qd2
Qe4+ 47. Kh2 Nf3+ 48. Bxf3 Qxf3 49. Bxd6 Rxd6 50. c4 Qe4 51. Qf4 1-0

[Event "Gibraltar ChallWk2 13th"]
[Site "Gibraltar"]
[Date "2015.01.31"]
[Round "1.8"]
[White "Nilsen, Martin"]
[Black "Scharrer, Patrick"]
[Result "0-1"]
[WhiteElo "2011"]
[BlackElo "2231"]
[PlyCount "136"]
[EventDate "2015.01.31"]
[EventType "swiss"]
[EventRounds "5"]
[EventCountry "GGB"]
[SourceTitle "BritBase"]
[Source "www.saund.co.uk"]
[SourceDate "2018.02.10"]
[SourceVersion "1"]
[SourceVersionDate "2018.02.10"]
[SourceQuality "1"]
[TimeControl "6600+1035"]
[WhiteClock "0:02:40"]
[BlackClock "0:01:30"]

1. e3 g6 2. c4 Bg7 3. Nc3 d6 4. d4 e5 5. Nf3 Nd7 6. Be2 Ngf6 7. O-O O-O 8. b4
Re8 9. Qc2 Nf8 10. d5 a5 11. bxa5 N8d7 12. Nd2 Rxa5 13. Nb3 Ra8 14. e4 Nc5 15.
Nxc5 dxc5 16. Be3 Qe7 17. Rfd1 Rf8 18. Bg5 h6 19. d6 cxd6 20. Nd5 Qd8 21. Nxf6+
Bxf6 22. Bxh6 Bg7 23. Be3 Qe7 24. Rab1 Ra6 25. Bf3 Qh4 26. Qd2 Bf6 27. Bh6 Re8
28. g3 Qh3 29. Bg5 Bxg5 30. Qxg5 Kg7 31. Bg2 Qe6 32. Qd2 Qxc4 33. Bf1 Qxe4 34.
Bxa6 bxa6 35. Qd5 Bf5 36. Qxe4 Bxe4 37. Rb6 d5 38. Rxa6 d4 39. Kf1 c4 40. Ke2
Rb8 41. f4 Rb2+ 42. Ke1 f6 43. Ra7+ Kh6 44. Ra4 c3 45. fxe5 fxe5 46. h4 Rh2 47.
Ra5 c2 48. Rc1 d3 49. Rxc2 dxc2 50. Rc5 Bd3 51. a4 Re2+ 52. Kf1 c1=Q+ 53. Rxc1
Rc2+ 54. Kg1 Rxc1+ 55. Kg2 Ra1 56. Kh3 Rxa4 57. g4 Kg7 58. Kg3 Rf4 59. Kh3 e4
60. Kg3 Rf8 61. g5 e3 62. h5 gxh5 63. Kh4 Bg6 64. Kh3 e2 65. Kg2 e1=Q 66. Kh3
Rf3+ 67. Kg2 Qg3+ 68. Kh1 Rf1# 0-1

[Event "Gibraltar ChallWk2 13th"]
[Site "Gibraltar"]
[Date "2015.01.31"]
[Round "1.9"]
[White "Hoffmann, Hendrik"]
[Black "Rogozenco, Teodora"]
[Result "1-0"]
[WhiteElo "2206"]
[BlackElo "2011"]
[PlyCount "61"]
[EventDate "2015.01.31"]
[EventType "swiss"]
[EventRounds "5"]
[EventCountry "GGB"]
[SourceTitle "BritBase"]
[Source "www.saund.co.uk"]
[SourceDate "2018.02.10"]
[SourceVersion "1"]
[SourceVersionDate "2018.02.10"]
[SourceQuality "1"]
[TimeControl "7200+1280"]
[WhiteClock "0:34:41"]
[BlackClock "0:16:44"]

1. e4 d6 2. d4 Nf6 3. Nc3 e5 4. Nge2 g6 5. Bg5 h6 6. dxe5 hxg5 7. exf6 Nd7 8.
Nd5 Nxf6 9. Nec3 Bg7 10. Ne3 Qe7 11. Qd3 Be6 12. O-O-O O-O 13. g3 g4 14. h4
Rfd8 15. Ncd5 Qe8 16. Nxc7 Qa4 17. Nxe6 fxe6 18. Qc4 Qe8 19. Be2 Rac8 20. Qb3
Nxe4 21. Nxg4 Nc5 22. Qf3 Qe7 23. h5 Na4 24. hxg6 Bxb2+ 25. Kb1 Rf8 26. Nh6+
Kg7 27. Nf7 Rxf7 28. Rh7+ Kg8 29. gxf7+ Kxh7 30. Rh1+ Kg7 31. Qg4+ 1-0

[Event "Gibraltar ChallWk2 13th"]
[Site "Gibraltar"]
[Date "2015.01.31"]
[Round "1.10"]
[White "Isherwood, Paul"]
[Black "Janev, Pavel"]
[Result "0-1"]
[WhiteElo "2002"]
[BlackElo "2196"]
[PlyCount "98"]
[EventDate "2015.01.31"]
[EventType "swiss"]
[EventRounds "5"]
[EventCountry "GGB"]
[SourceTitle "BritBase"]
[Source "www.saund.co.uk"]
[SourceDate "2018.02.10"]
[SourceVersion "1"]
[SourceVersionDate "2018.02.10"]
[SourceQuality "1"]
[TimeControl "6600+820"]
[WhiteClock "0:15:25"]
[BlackClock "0:07:09"]

1. d4 Nf6 2. Nf3 b6 3. e3 Bb7 4. Bd3 e6 5. O-O Be7 6. Nbd2 d5 7. b3 a5 8. c4 a4
9. bxa4 Nc6 10. cxd5 exd5 11. Ne5 Nxe5 12. dxe5 Ne4 13. Qg4 Qd7 14. Qxd7+ Kxd7
15. Nxe4 dxe4 16. Bc4 Ke8 17. Bd2 Bc5 18. Rfb1 Bc6 19. Bb5 Bxb5 20. axb5 Ra4
21. a3 Rxa3 22. Rxa3 Bxa3 23. Bb4 Bxb4 24. Rxb4 Kd7 25. Rd4+ Ke6 26. Rxe4 Kd5
27. Rd4+ Kc5 28. Rd7 Kxb5 29. Rxc7 Ka6 30. Kf1 b5 31. Ke2 b4 32. Kd3 Kb6 33.
Rc4 Kb5 34. Rc7 Ka4 35. Kc4 Ra8 36. Rxf7 b3 37. Rb7 Rc8+ 38. Kd5 Rd8+ 39. Ke6
Rd2 40. f4 Rxg2 41. Kf7 Rxh2 42. Kxg7 h5 43. Kg6 h4 44. Kg5 h3 45. Kg4 b2 46.
Kg3 Re2 47. Ra7+ Kb3 48. Kxh3 Rxe3+ 49. Kg4 Re4 0-1

[Event "Gibraltar ChallWk2 13th"]
[Site "Gibraltar"]
[Date "2015.01.31"]
[Round "1.11"]
[White "Dolzhikova, Olga"]
[Black "Odeh, Kenneth"]
[Result "1-0"]
[WhiteElo "2194"]
[BlackElo "1982"]
[PlyCount "65"]
[EventDate "2015.01.31"]
[EventType "swiss"]
[EventRounds "5"]
[EventCountry "GGB"]
[SourceTitle "BritBase"]
[Source "www.saund.co.uk"]
[SourceDate "2018.02.10"]
[SourceVersion "1"]
[SourceVersionDate "2018.02.10"]
[SourceQuality "1"]
[TimeControl "7200+630"]
[WhiteClock "0:08:43"]
[BlackClock "0:10:36"]

1. e4 c6 2. d4 d5 3. e5 c5 4. dxc5 Nc6 5. Bb5 e6 6. Be3 Bd7 7. Bxc6 Bxc6 8. Nf3
Qc7 9. c3 Ne7 10. Bd4 Ng6 11. g3 Be7 12. Qe2 a6 13. a4 Qd7 14. b3 f6 15. O-O h5
16. Re1 f5 17. h4 O-O-O 18. Qc2 Rdf8 19. Nbd2 Qd8 20. b4 Be8 21. b5 a5 22. c6
b6 23. c4 f4 24. c5 bxc5 25. Bxc5 fxg3 26. fxg3 Bxh4 27. b6 Bxc6 28. Qxg6 Rh6
29. Qxg7 Rg8 30. Qxh6 Rxg3+ 31. Kf1 Be8 32. Qxe6+ Bd7 33. Qf7 1-0

[Event "Gibraltar ChallWk2 13th"]
[Site "Gibraltar"]
[Date "2015.01.31"]
[Round "1.12"]
[White "Bengtsson, Jessica"]
[Black "Balogun, Oluwafemi"]
[Result "1/2-1/2"]
[WhiteElo "1971"]
[BlackElo "2193"]
[PlyCount "94"]
[EventDate "2015.01.31"]
[EventType "swiss"]
[EventRounds "5"]
[EventCountry "GGB"]
[SourceTitle "BritBase"]
[Source "www.saund.co.uk"]
[SourceDate "2018.02.10"]
[SourceVersion "1"]
[SourceVersionDate "2018.02.10"]
[SourceQuality "1"]

1. e4 d6 2. d4 Nf6 3. Nc3 g6 4. Nf3 Bg7 5. h3 O-O 6. Be3 a6 7. Bd3 b5 8. a4 b4
9. Ne2 Bb7 10. Ng3 c5 11. c3 d5 12. e5 Ne4 13. Bxe4 dxe4 14. Ng5 Qd5 15. N5xe4
f5 16. exf6 exf6 17. c4 Qxc4 18. Nd6 Qd5 19. Nxb7 Qxb7 20. Qb3+ Kh8 21. O-O f5
22. Ne2 f4 23. Nxf4 cxd4 24. Bd2 Nc6 25. Ne6 Qf7 26. Rac1 Nd8 27. Nc5 a5 28.
Qg3 Qd5 29. Bf4 Rc8 30. Nd3 Ne6 31. Be5 b3 32. Bxg7+ Kxg7 33. Rfe1 Rc2 34. Qg4
Rf6 35. Qd1 Qc4 36. Ne5 Qc8 37. Ng4 Rxc1 38. Qxc1 Qxc1 39. Rxc1 Nf4 40. Rc7+
Rf7 41. Rxf7+ Kxf7 42. Ne5+ Ke6 43. Nc4 Ne2+ 44. Kf1 Nc3 45. Nxa5 Nxa4 46. Nxb3
Kd5 47. Nd2 Nxb2 1/2-1/2

[Event "Gibraltar ChallWk2 13th"]
[Site "Gibraltar"]
[Date "2015.01.31"]
[Round "1.13"]
[White "Pena Riasco, Alexander"]
[Black "Adebajo, Olufemi"]
[Result "1-0"]
[WhiteElo "2181"]
[BlackElo "1962"]
[PlyCount "83"]
[EventDate "2015.01.31"]
[EventType "swiss"]
[EventRounds "5"]
[EventCountry "GGB"]
[SourceTitle "BritBase"]
[Source "www.saund.co.uk"]
[SourceDate "2018.02.10"]
[SourceVersion "1"]
[SourceVersionDate "2018.02.10"]
[SourceQuality "1"]
[TimeControl "7200+895"]
[WhiteClock "0:52:48"]
[BlackClock "0:53:15"]

1. e4 c5 2. Nf3 Nc6 3. d4 cxd4 4. Nxd4 g6 5. Nc3 Bg7 6. Be3 Nf6 7. Nb3 d6 8. f3
O-O 9. Qd2 Be6 10. O-O-O a5 11. a3 Rc8 12. Kb1 Ne5 13. Bd4 Nfd7 14. f4 Nc4 15.
Qf2 Bxd4 16. Qxd4 Qc7 17. Bxc4 Bxc4 18. Nd2 Nf6 19. e5 dxe5 20. fxe5 Nh5 21.
Nxc4 Qxc4 22. Qxc4 Rxc4 23. Rd7 b5 24. Rxe7 b4 25. axb4 axb4 26. Nd5 Nf4 27.
Nf6+ Kg7 28. Ne8+ Kh6 29. Nd6 Rc6 30. Nxf7+ Rxf7 31. Rxf7 Nxg2 32. Rf2 Ne3 33.
Re1 Nf5 34. e6 Rc8 35. Rf4 b3 36. cxb3 Re8 37. b4 Kg5 38. Rc4 Kf6 39. e7 Kf7
40. b5 Nd6 41. Rf4+ Nf5 42. b6 1-0

[Event "Gibraltar ChallWk2 13th"]
[Site "Gibraltar"]
[Date "2015.01.31"]
[Round "1.14"]
[White "Adewole, Adeyinka"]
[Black "Agrest, Inna"]
[Result "0-1"]
[WhiteElo "1962"]
[BlackElo "2179"]
[PlyCount "86"]
[EventDate "2015.01.31"]
[EventType "swiss"]
[EventRounds "5"]
[EventCountry "GGB"]
[SourceTitle "BritBase"]
[Source "www.saund.co.uk"]
[SourceDate "2018.02.10"]
[SourceVersion "1"]
[SourceVersionDate "2018.02.10"]
[SourceQuality "1"]
[TimeControl "7200+1200"]
[WhiteClock "0:12:38"]
[BlackClock "0:03:45"]

1. Nf3 Nf6 2. c4 g6 3. g3 Bg7 4. Bg2 d6 5. d3 O-O 6. Nc3 c5 7. Bg5 h6 8. Bd2
Nc6 9. Qc1 Kh7 10. h4 h5 11. Ng5+ Kg8 12. Nd5 Nd4 13. Bc3 Rb8 14. b3 Bd7 15.
Qb2 e5 16. e3 Nc6 17. Nxf6+ Qxf6 18. O-O Qe7 19. f4 f6 20. Bd5+ Kh8 21. Nf3
exf4 22. exf4 Qe3+ 23. Kg2 Qxd3 24. Ng5 Nd4 25. Nf7+ Rxf7 26. Bxf7 Qe4+ 27. Kh2
Qf5 28. Bxd4 cxd4 29. Qg2 b5 30. Rae1 bxc4 31. Bxc4 Rc8 32. Re7 d5 33. Ba6 Rc2
34. Rf2 Rxf2 35. Qxf2 Bf8 36. Re1 d3 37. Rd1 Qh3+ 38. Kg1 Bc5 39. Qxc5 Qxg3+
40. Kh1 Qxh4+ 41. Kg2 Qg4+ 42. Kh1 Qxd1+ 43. Qg1 Qxg1+ 0-1

[Event "Gibraltar ChallWk2 13th"]
[Site "Gibraltar"]
[Date "2015.01.31"]
[Round "1.15"]
[White "Gonzalez Gonzalez, Alfonso"]
[Black "Algars, Olle"]
[Result "1-0"]
[WhiteElo "2160"]
[BlackElo "1960"]
[PlyCount "87"]
[EventDate "2015.01.31"]
[EventType "swiss"]
[EventRounds "5"]
[EventCountry "GGB"]
[SourceTitle "BritBase"]
[Source "www.saund.co.uk"]
[SourceDate "2018.02.10"]
[SourceVersion "1"]
[SourceVersionDate "2018.02.10"]
[SourceQuality "1"]
[TimeControl "7200+640"]
[WhiteClock "0:39:32"]
[BlackClock "0:42:59"]

1. d4 Nf6 2. Bg5 Ne4 3. Bh4 c5 4. f3 Qa5+ 5. c3 g5 6. fxe4 gxh4 7. d5 Qb6 8.
Qb3 Qg6 9. Nd2 Bh6 10. Ngf3 Qg4 11. a4 d6 12. a5 Nd7 13. Qa4 O-O 14. g3 Kh8 15.
O-O-O Nf6 16. Kb1 Nxe4 17. Nxe4 Bf5 18. Ka1 Qxe4 19. Qxe4 Bxe4 20. gxh4 Be3 21.
Bh3 b6 22. a6 b5 23. Bd7 Rab8 24. Bc6 Rb6 25. Bb7 b4 26. c4 b3 27. Rd3 Bxd3 28.
exd3 e5 29. dxe6 fxe6 30. Re1 Bf2 31. Rxe6 Bxh4 32. Kb1 Bg5 33. Re1 Bf6 34. Re6
Kg7 35. Kc1 Kf7 36. Bd5 Kg6 37. Be4+ Kh5 38. Bb7 Kg4 39. Nd2 Bg5 40. Re1 h6 41.
Kd1 Rf2 42. Rg1+ Kh3 43. Nf3 Bf4 44. Bc8# {Bg5 Bb7 Kg4 Nd2+ Kh5 Bf3+} 1-0

[Event "Gibraltar ChallWk2 13th"]
[Site "Gibraltar"]
[Date "2015.01.31"]
[Round "1.16"]
[White "Boyer Censore, Giuseppe Enmanu"]
[Black "Elishev, Ivan"]
[Result "1-0"]
[WhiteElo "1960"]
[BlackElo "2153"]
[PlyCount "99"]
[EventDate "2015.01.31"]
[EventType "swiss"]
[EventRounds "5"]
[EventCountry "GGB"]
[SourceTitle "BritBase"]
[Source "www.saund.co.uk"]
[SourceDate "2018.02.10"]
[SourceVersion "1"]
[SourceVersionDate "2018.02.10"]
[SourceQuality "1"]
[TimeControl "7200+1045"]
[WhiteClock "0:02:04"]
[BlackClock "0:00:14"]

1. e4 c5 2. Nf3 g6 3. d4 cxd4 4. Nxd4 Bg7 5. Nc3 Nc6 6. Be3 Nf6 7. Bc4 O-O 8.
Bb3 Ng4 9. Qxg4 Nxd4 10. Qd1 Nxb3 11. axb3 b5 12. Qd5 Rb8 13. Bxa7 Rb7 14. Bd4
b4 15. Bxg7 Kxg7 16. Ne2 Qc7 17. Qd2 Rb6 18. O-O Bb7 19. Ra4 Qc5 20. Ng3 Bc6
21. Raa1 Bb5 22. Rfc1 Rd6 23. Qf4 Rf6 24. Qd2 h5 25. Nf1 Bc6 26. Re1 Re6 27.
Rac1 h4 28. h3 d6 29. Qf4 g5 30. Qg4 Kg6 31. Nd2 Rf6 32. Qe2 Kh6 33. Qe3 Rg8
34. f3 Bb5 35. c4 Bd7 36. Ra1 Qe5 37. Ra2 Kh5 38. Nf1 g4 39. hxg4+ Bxg4 40.
fxg4+ Rxg4 41. Ra8 Rfg6 42. Re2 Qg7 43. Kh1 h3 44. g3 Qe5 45. Qf3 Kh6 46. Ne3
Rxg3 47. Nf5+ Qxf5 48. Qxf5 Rg1+ 49. Kh2 Re1 50. Rxe1 1-0

[Event "Gibraltar ChallWk2 13th"]
[Site "Gibraltar"]
[Date "2015.01.31"]
[Round "1.17"]
[White "Gomez Calle, Jose Antonio"]
[Black "Kleinert, Juergen"]
[Result "1-0"]
[WhiteElo "2150"]
[BlackElo "1959"]
[PlyCount "55"]
[EventDate "2015.01.31"]
[EventType "swiss"]
[EventRounds "5"]
[EventCountry "GGB"]
[SourceTitle "BritBase"]
[Source "www.saund.co.uk"]
[SourceDate "2018.02.10"]
[SourceVersion "1"]
[SourceVersionDate "2018.02.10"]
[SourceQuality "1"]
[TimeControl "7200+1375"]
[WhiteClock "0:07:08"]
[BlackClock "0:01:02"]

1. e4 b6 2. d4 Bb7 3. Nd2 e6 4. Ngf3 g6 5. Bd3 Bg7 6. O-O d6 7. Nb3 Nd7 8. Re1
c5 9. dxc5 dxc5 10. c3 a6 11. Bf4 Rc8 12. Bc2 e5 13. Bg3 Qc7 14. Nbd2 c4 15. b3
b5 16. bxc4 bxc4 17. Rb1 Rd8 18. Qe2 Ne7 19. Qxc4 Nc6 20. Bh4 Bf6 21. Bxf6 Nxf6
22. Qc5 Nd7 23. Qa3 Na7 24. Nc4 Nc5 25. Ncxe5 O-O 26. c4 Rde8 27. Qb2 Nc6 28.
Ng4 1-0

[Event "Gibraltar ChallWk2 13th"]
[Site "Gibraltar"]
[Date "2015.01.31"]
[Round "1.18"]
[White "Flanagan, Samuel"]
[Black "Varga, Klara"]
[Result "1/2-1/2"]
[WhiteElo "1766"]
[BlackElo "2145"]
[PlyCount "135"]
[EventDate "2015.01.31"]
[EventType "swiss"]
[EventRounds "5"]
[EventCountry "GGB"]
[SourceTitle "BritBase"]
[Source "www.saund.co.uk"]
[SourceDate "2018.02.10"]
[SourceVersion "1"]
[SourceVersionDate "2018.02.10"]
[SourceQuality "1"]

1. e4 e6 2. d4 d5 3. Nd2 Be7 4. Ngf3 Nf6 5. e5 Nfd7 6. Bd3 c5 7. c3 Nc6 8. O-O
cxd4 9. cxd4 Qb6 10. Nb3 a5 11. a4 Nb4 12. Bb5 O-O 13. Bd2 Nb8 14. Bc3 Bd7 15.
Qe2 Bxb5 16. Qxb5 Qxb5 17. axb5 b6 18. Bxb4 Bxb4 19. Rfc1 Ra7 20. Rc2 a4 21.
Nc1 Ra5 22. Nd3 Be7 23. Rc7 Bd8 24. Rc8 Be7 25. Rc7 Bd8 26. Rc8 Nd7 27. Nb4
Rxb5 28. Nc6 Rxb2 29. Nxd8 a3 30. Ra8 a2 31. R8xa2 Rxa2 32. Rxa2 Rxd8 33. Ra7
Kf8 34. Kf1 Ke7 35. Rb7 f6 36. Ke2 Rb8 37. Rxb8 Nxb8 38. Kd3 Nc6 39. exf6+ gxf6
40. Nd2 e5 41. dxe5 fxe5 42. f3 b5 43. Kc3 Kd6 44. g4 b4+ 45. Kd3 Nd4 46. f4
Ne6 47. fxe5+ Kxe5 48. Ke3 d4+ 49. Kd3 Kd5 50. h4 Nc5+ 51. Kc2 d3+ 52. Kb2 Kd4
53. g5 Ke3 54. Nc4+ Kf4 55. Kc1 Kg4 56. Kd2 Kxh4 57. Ke3 b3 58. Kd4 Kxg5 59.
Kxc5 h5 60. Kd4 Kf4 61. Kxd3 h4 62. Ke2 Kg3 63. Kf1 h3 64. Kg1 h2+ 65. Kh1 Kf4
66. Kxh2 Ke4 67. Nd2+ Kd3 68. Nxb3 1/2-1/2

[Event "Gibraltar ChallWk2 13th"]
[Site "Gibraltar"]
[Date "2015.01.31"]
[Round "1.19"]
[White "Dougherty, Michael"]
[Black "Romero Valencia, Fernando"]
[Result "0-1"]
[WhiteElo "2138"]
[BlackElo "1954"]
[PlyCount "114"]
[EventDate "2015.01.31"]
[EventType "swiss"]
[EventRounds "5"]
[EventCountry "GGB"]
[SourceTitle "BritBase"]
[Source "www.saund.co.uk"]
[SourceDate "2018.02.10"]
[SourceVersion "1"]
[SourceVersionDate "2018.02.10"]
[SourceQuality "1"]

1. d4 Nf6 2. c4 e6 3. Nc3 c5 4. e3 b6 5. Nf3 Bb7 6. Bd3 d6 7. O-O Be7 8. b3 Nc6
9. Bb2 O-O 10. Qe2 a6 11. Rfd1 Qc7 12. Rac1 Rfd8 13. Bb1 h6 14. h3 Rac8 15. d5
exd5 16. cxd5 Nb8 17. a4 Re8 18. g4 Nbd7 19. g5 hxg5 20. Nxg5 Nf8 21. Qf3 Ra8
22. Kh2 N8d7 23. Qg2 Qd8 24. Nxf7 Kxf7 25. Qg6+ Kg8 26. Rg1 Bf8 27. Ne4 Rxe4
28. Bxe4 Qe7 29. Bf5 Bxd5 30. Rg3 Ne5 31. Bxe5 Qxe5 32. Rcg1 Ra7 33. f4 Qe7 34.
Qh6 Be4 35. Bxe4 Nxe4 36. Rg6 Nd2 37. Re6 Nf3+ 38. Kh1 Qb7 39. Qg6 Nxg1+ 40.
Kxg1 Qd5 41. f5 Rf7 42. e4 Qd4+ 43. Kg2 Rf6 44. Rxf6 Qxf6 45. Qe8 Qb2+ 46. Kf3
Qxb3+ 47. Kg4 Qf7 48. Qc6 b5 49. a5 Qa7 50. Qd5+ Kh8 51. h4 c4 52. Kh5 Kh7 53.
Qe6 c3 54. Qc8 Qc5 55. Qxf8 c2 56. Qe8 Qg1 57. e5 Qd1+ 0-1

[Event "Gibraltar ChallWk2 13th"]
[Site "Gibraltar"]
[Date "2015.01.31"]
[Round "1.20"]
[White "Gorodnichev, Alexey"]
[Black "Grabow, Pouelsten Holm"]
[Result "1/2-1/2"]
[WhiteElo "1951"]
[BlackElo "2134"]
[PlyCount "61"]
[EventDate "2015.01.31"]
[EventType "swiss"]
[EventRounds "5"]
[EventCountry "GGB"]
[SourceTitle "BritBase"]
[Source "www.saund.co.uk"]
[SourceDate "2018.02.10"]
[SourceVersion "1"]
[SourceVersionDate "2018.02.10"]
[SourceQuality "1"]

1. e4 e6 2. d4 d5 3. exd5 exd5 4. Nf3 Nf6 5. c4 Be7 6. Nc3 O-O 7. Bd3 dxc4 8.
Bxc4 Nbd7 9. O-O Nb6 10. Bb3 Bg4 11. h3 Bh5 12. g4 Bg6 13. Ne5 Nbd5 14. f4 Nxc3
15. bxc3 Be4 16. Qe2 Bd5 17. c4 Be6 18. Bb2 c6 19. Rad1 Qc7 20. f5 Bc8 21. g5
Nd7 22. Qg2 Nxe5 23. dxe5 Rd8 24. g6 Bc5+ 25. Kh1 Rxd1 26. gxh7+ Kxh7 27. Bxd1
Qd8 28. Bc2 Bd4 29. f6+ g6 30. Bxg6+ fxg6 31. Rf4 1/2-1/2

[Event "Gibraltar ChallWk2 13th"]
[Site "Gibraltar"]
[Date "2015.01.31"]
[Round "1.21"]
[White "Recklingloh, Frank"]
[Black "Godinho Marques, Pedro"]
[Result "1-0"]
[WhiteElo "2133"]
[BlackElo "1950"]
[PlyCount "70"]
[EventDate "2015.01.31"]
[EventType "swiss"]
[EventRounds "5"]
[EventCountry "GGB"]
[SourceTitle "BritBase"]
[Source "www.saund.co.uk"]
[SourceDate "2018.02.10"]
[SourceVersion "1"]
[SourceVersionDate "2018.02.10"]
[SourceQuality "1"]

1. e4 c5 2. Nf3 a6 3. d3 Nc6 4. g3 g6 5. Bg2 Bg7 6. O-O d6 7. a4 Rb8 8. c3 Bg4
9. h3 Bd7 10. d4 cxd4 11. cxd4 Qc8 12. Kh2 Nb4 13. Nc3 Qc4 14. Re1 Qd3 15. Bd2
Qc2 16. e5 dxe5 17. Nxe5 Qxd1 18. Raxd1 Bxe5 19. dxe5 Nd3 20. Re2 Nxb2 21. Rb1
Nxa4 22. Rxb7 Rxb7 23. Bxb7 Nc5 24. Bg2 h5 25. Nd5 Nh6 26. Bb4 Nd3 27. Bxe7 Be6
28. Bg5 Nf5 29. Nc7+ Kd7 30. Nxa6 Bc4 31. Bb7 Re8 32. Bf6 Re6 33. Rd2 Nd4 34.
Nc5+ Nxc5 35. Rxd4+ Kc7 1-0

[Event "Gibraltar ChallWk2 13th"]
[Site "Gibraltar"]
[Date "2015.01.31"]
[Round "1.22"]
[White "Probst, Alexander"]
[Black "Kuhne, Detlev"]
[Result "1-0"]
[WhiteElo "1948"]
[BlackElo "2131"]
[PlyCount "89"]
[EventDate "2015.01.31"]
[EventType "swiss"]
[EventRounds "5"]
[EventCountry "GGB"]
[SourceTitle "BritBase"]
[Source "www.saund.co.uk"]
[SourceDate "2018.02.10"]
[SourceVersion "1"]
[SourceVersionDate "2018.02.10"]
[SourceQuality "1"]

1. e4 Nf6 2. e5 Nd5 3. Nc3 Nxc3 4. dxc3 d6 5. Bc4 Nc6 6. Nf3 Bf5 7. e6 fxe6 8.
Ng5 d5 9. Bb3 Qd6 10. Qe2 Qe5 11. Qxe5 Nxe5 12. Bf4 Nf7 13. Nxf7 Kxf7 14. Bxc7
g5 15. O-O Bg7 16. Rae1 Rac8 17. Be5 Bf6 18. Re2 b5 19. a4 bxa4 20. Bxa4 a5 21.
Rfe1 Rc4 22. Bb3 Re4 23. Rxe4 Bxe4 24. Bc7 Ra8 25. Ra1 d4 26. cxd4 Rc8 27. Bxa5
Bxc2 28. Bxc2 Rxc2 29. Bc3 Re2 30. g3 e5 31. dxe5 Bxe5 32. Kf1 Re4 33. f3 Bxc3
34. fxe4 Bxb2 35. Ra6 Be5 36. Ke2 Kg7 37. Kf3 h5 38. h3 Bc3 39. Re6 Bb4 40. e5
Bc5 41. Ke4 h4 42. g4 Kf7 43. Kf5 Be3 44. Rg6 Bd2 45. e6+ 1-0

[Event "Gibraltar ChallWk2 13th"]
[Site "Gibraltar"]
[Date "2015.01.31"]
[Round "1.23"]
[White "Wiedersich, Jens"]
[Black "Baliuniene, Margarita"]
[Result "1-0"]
[WhiteElo "2125"]
[BlackElo "1946"]
[PlyCount "61"]
[EventDate "2015.01.31"]
[EventType "swiss"]
[EventRounds "5"]
[EventCountry "GGB"]
[SourceTitle "BritBase"]
[Source "www.saund.co.uk"]
[SourceDate "2018.02.10"]
[SourceVersion "1"]
[SourceVersionDate "2018.02.10"]
[SourceQuality "1"]

1. d4 d5 2. c4 e6 3. g3 c5 4. Nf3 cxd4 5. cxd5 Qxd5 6. Qxd4 Nf6 7. Nc3 Qxd4 8.
Nxd4 Bc5 9. Ndb5 Na6 10. Bg2 O-O 11. O-O e5 12. Bg5 Nb4 13. Rac1 Be6 14. Na4
Bb6 15. Nxb6 axb6 16. a3 Nbd5 17. e4 Ne7 18. Rc7 Nc6 19. Nc3 Na5 20. Bxf6 gxf6
21. Nd5 Bxd5 22. exd5 Rfd8 23. g4 Kf8 24. Rd1 Rd6 25. Be4 h6 26. Rd3 b5 27. b4
Nc4 28. Rxb7 Nxa3 29. Rc3 Ra4 30. Rcc7 Rxb4 31. Rxf7+ 1-0